Films/Séries mal décrits #3 - Statistiques

Statistiques générales
  • Ce quiz a été pris 441 fois
  • Le résultat moyen est 6 sur 12
Statistiques - réponses
Hint Réponse % Correct
Le seul super-héro gothique qui a uniquement son pouvoir d'achat comme arme Batman
91%
Vroum vroum, boom bam et des chauves Fast and Furious
84%
Le deuxième super héro qui n'a que son pouoir d'achat comme arme et son cerveau Iron Man
69%
Un accro au Rhum va avoir plusieurs galère avec un gros poulpe Pirates des Caraibes
67%
Des mecs bien coiffés fument, boivent et cognent tout Birmingham Peaky blinders
61%
Un mec de banlieue est embauché par un mec très très riche pour tout lui faire Intouchables
60%
Un élève attardé rate son bac mais sauve son lycée Les profs
50%
Deux avocats aux honoraires hors de prix Suits
46%
Une droguée se prend pour magnus carlsen Le jeu de la dame
40%
Un date entre un prolo et une bobo tombe à l'eau Titanic
28%
Rocky devient mafieu dans une petite ville des USA Tulsa King
13%
Petite piqure de rappel pour dire que l'avenir va être horrible Black Miror
6%
Aucun quiz correspondant
Distribution des résultats
% des personnes avec chaque résultat
Percentile par nombre de réponses
Votre historique - résultats
Vous n’avez pas pris ce quiz